Piazzamenti delle Nazionali agli Europei "Germania 2024" - Statistics

Statistiche generali
  • Questo quiz è stato fatto 27 volte
  • Il punteggio medio è 17 su 24
Statistiche sulle risposte
Hint Risposta % Corretto
Ucraina Fase a gironi
90%
Albania Fase a gironi
90%
Ungheria Fase a gironi
86%
Spagna Campione
81%
Scozia Fase a gironi
81%
Inghilterra Secondo posto
81%
Francia Semifinale
81%
Serbia Fase a gironi
76%
Austria Ottavi di finale
76%
Croazia Fase a gironi
71%
Danimarca Ottavi di finale
71%
Romania Ottavi di finale
71%
Georgia Ottavi di finale
71%
Italia Ottavi di finale
71%
Germania Quarti di finale
71%
Svizzera Quarti di finale
71%
Repubblica Ceca Fase a gironi
67%
Turchia Quarti di finale
67%
Portogallo Quarti di finale
67%
Polonia Fase a gironi
62%
Slovacchia Ottavi di finale
62%
Paesi Bassi Semifinale
62%
Belgio Ottavi di finale
57%
Slovenia Ottavi di finale
48%
Nessun quiz corrispondente trovato
Distribuzione punteggi
Percentuale di utenti per punteggio
Percentile per numero di risposta
I tuoi punteggi nel tempo
Non hai fatto questo quiz